Sports Quiz

Random Sports or MLB Quiz

MLB Last 5 Managers by Team Quiz Stats

 Plays Quiz Updated Dec 17, 2018

Score 0/150 Timer 15:00
18 Plays Today
Team Manager % Correct
Los Angeles DodgersJoe Torre
89.9%
New York YankeesJoe Torre
89.9%
St. Louis CardinalsJoe Torre
89.9%
Cleveland IndiansTerry Francona
85.7%
Atlanta BravesBobby Cox
85.1%
Boston Red SoxTerry Francona
82.4%
New York YankeesJoe Girardi
81%
Chicago CubsJoe Maddon
80.8%
Philadelphia PhilliesGabe Kapler
80.6%
Cincinnati RedsDusty Baker
80.1%
San Francisco GiantsDusty Baker
80.1%
Oakland AthleticsTony LaRussa
78.8%
St. Louis CardinalsTony LaRussa
78.8%
Miami MarlinsOzzie Guillén
78.2%
Chicago White SoxOzzie Guillen
75.6%
Boston Red SoxBobby Valentine
75.4%
Atlanta BravesFredi Gonzalez
75.2%
Detroit TigersJim Leyland
72.4%
Washington NationalsDavey Johnson
71.6%
Cleveland IndiansCharlie Manuel
71.5%
Philadelphia PhilliesCharlie Manuel
71.5%
Chicago White SoxJerry Manuel
71.3%
New York MetsJerry Manuel
71.3%
Boston Red SoxJohn Farrell
69.9%
St. Louis CardinalsMike Matheny
69.3%
Chicago CubsLou Piniella
68.2%
Tampa Bay RaysLou Piniella
68.2%
New York YankeesBuck Showalter
66.7%
Texas RangersBuck Showalter
66.7%
Colorado RockiesBud Black
66.4%
Chicago White SoxRobin Ventura
65.5%
Texas RangersRon Washington
65.3%
Minnesota TwinsRon Gardenhire
65.3%
Tampa Bay RaysJoe Maddon
65.1%
Los Angeles AngelsBrad Ausmus
64.9%
Pittsburgh PiratesClint Hurdle
61.8%
San Diego PadresBruce Bochy
58.7%
San Francisco GiantsBruce Bochy
58.7%
Arizona DiamondbacksKirk Gibson
58.2%
Los Angeles AngelsMike Scioscia
58%
New York MetsMickey Callaway
57.1%
Los Angeles DodgersDave Roberts
56.8%
Toronto Blue JaysCito Gaston
55.1%
Baltimore OriolesBuck Showalter
50.9%
Boston Red SoxAlex Cora
50.8%
Oakland AthleticsBob Melvin
49.8%
Colorado RockiesClint Hurdle
49.7%
San Diego PadresBud Black
49.4%
Toronto Blue JaysJohn Gibbons
48.7%
Miami MarlinsDan Jennings
47%
Team Manager % Correct
Los Angeles DodgersDon Mattingly
46.9%
Houston AstrosA.J. Hinch
46.4%
Boston Red SoxGrady Little
46.1%
Los Angeles DodgersGrady Little
46.1%
Chicago CubsDale Sveum
46%
Los Angeles DodgersJim Tracy
45.5%
Colorado RockiesJim Tracy
45.5%
Pittsburgh PiratesJim Tracy
45.5%
Colorado RockiesWalt Weiss
45%
Washington NationalsDusty Baker
45%
Milwaukee BrewersNed Yost
44.5%
Tampa Bay RaysKevin Cash
44.5%
New York MetsWillie Randolph
44.4%
Arizona DiamondbacksChip Hale
44.3%
Cincinnati RedsDavid Bell
44%
Cleveland IndiansEric Wedge
43.4%
Minnesota TwinsTom Kelly
42.7%
New York MetsArt Howe
41.7%
Oakland AthleticsArt Howe
41.7%
Washington NationalsDave Martinez
41.7%
Kansas City RoyalsNed Yost
41.2%
New York MetsTerry Collins
40.8%
Cleveland IndiansManny Acta
40.4%
Seattle MarinersLloyd McClendon
40.4%
Miami MarlinsJack McKeon
39.4%
Seattle MarinersEric Wedge
39.1%
Toronto Blue JaysJohn Farrell
37.2%
Arizona DiamondbacksBob Melvin
36.7%
Houston AstrosBo Porter
36.6%
San Diego PadresJim Riggleman
36.5%
Washington NationalsJim Riggleman
36.5%
Seattle MarinersJim Riggleman
36.5%
Atlanta BravesBrian Snitker
35.8%
San Diego PadresAndy Green
35.6%
San Francisco GiantsFelipe Alou
35.5%
Arizona DiamondbacksTorey Lovullo
35%
Minnesota TwinsRocco Baldelli
34.7%
Los Angeles AngelsTerry Collins
33.7%
Detroit TigersRon Gardenhire
33.6%
New York YankeesAaron Boone
33.5%
Chicago CubsMike Quade
33.3%
Milwaukee BrewersKen Macha
33.2%
Oakland AthleticsKen Macha
33.2%
Detroit TigersAlan Trammell
33.1%
Miami MarlinsMike Redmond
33%
Houston AstrosPhil Garner
31.7%
Seattle MarinersDon Wakamatsu
31.6%
St. Louis CardinalsMike Shildt
30.8%
Baltimore OriolesBrandon Hyde
30.7%
Arizona DiamondbacksA.J. Hinch
30.4%
Team Manager % Correct
Philadelphia PhilliesLarry Bowa
30.2%
Kansas City RoyalsTony Pena
28.9%
Pittsburgh PiratesLloyd McClendon
28.9%
Washington NationalsMatt Williams
28.4%
Milwaukee BrewersRon Roenicke
27.4%
Houston AstrosCecil Cooper
26.6%
Colorado RockiesBuddy Bell
25.6%
Kansas City RoyalsBuddy Bell
25.6%
Toronto Blue JaysJohn Gibbons
24.3%
Oakland AthleticsBob Geren
23.9%
Texas RangersChris Woodward
23.9%
Toronto Blue JaysCharlie Montoyo
23.5%
Baltimore OriolesDavid Trembley
23.3%
Detroit TigersBrad Ausmus
22.9%
Texas RangersJeff Banister
22.7%
Cincinnati RedsBryan Price
22.5%
Miami MarlinsDon Mattingly
22.1%
Philadelphia PhilliesRyne Sandberg
21.6%
Philadelphia PhilliesPete Mackanin
21.6%
Kansas City RoyalsTrey Hillman
21.6%
Milwaukee BrewersCraig Counsell
21.3%
Houston AstrosBrad Mills
20.6%
Pittsburgh PiratesJohn Russell
19.9%
Baltimore OriolesLee Mazzilli
19.9%
Chicago CubsRichard Renteria
18.6%
Chicago White SoxRick Renteria
18%
Tampa Bay RaysHal McRae
17.8%
San Francisco GiantsRoger Craig
17.6%
Minnesota TwinsRay Miller
17.5%
Minnesota TwinsPaul Molitor
16.5%
Baltimore OriolesSam Perlozzo
15.7%
New York YankeesStump Merrill
15.2%
Texas RangersJerry Narron
14.7%
Pittsburgh PiratesGene Lamont
14.4%
Atlanta BravesChuck Tanner
14.3%
Tampa Bay RaysLarry Rothschild
13.7%
Los Angeles AngelsMarcel Lachemann
11.2%
Cincinnati RedsPete Mackanin
10.9%
Atlanta BravesRuss Nixon
10.8%
Seattle MarinersScott Servais
10.6%
Detroit TigersLuis Pujols
9.6%
Cleveland IndiansJoel Skinner
9.4%
Kansas City RoyalsTony Muser
9%
Chicago White SoxTerry Bevington
9%
Cincinnati RedsJim Riggleman
8.8%
St. Louis CardinalsMike Jorgensen
6.6%
Milwaukee BrewersJerry Royster
6.4%
Los Angeles AngelsJohn Wathan
6.2%
San Diego PadresPat Murphy
5.9%
San Francisco GiantsJim Davenport
5%

You're not logged in!

Compare scores with friends on all Sporcle quizzes.
OR
Log In

You Might Also Like...

Show Comments

Extras

Top Quizzes Today


Score Distribution

Your Account Isn't Verified!

In order to create a playlist on Sporcle, you need to verify the email address you used during registration. Go to your Sporcle Settings to finish the process.

Report this User

Report this user for behavior that violates our Community Guidelines.

Details: